Teoría y problemas de retroalimentación y sistemas de control
Guardado en:
| Autores principales: | , , |
|---|---|
| Formato: | Libro |
| Lenguaje: | español |
| Publicado: |
Ciudad de México
McGraw-Hill
1981
|
| Colección: | Serie de compendios Schaum
|
| Materias: | |
| Etiquetas: |
Agregar Etiqueta
Sin Etiquetas, Sea el primero en etiquetar este registro!
|
MARC
| LEADER | 00000nam a2200000 a 4500 | ||
|---|---|---|---|
| 001 | UCV4481 | ||
| 003 | CL-VaPUC | ||
| 008 | 930810e19810000MX |||||||||||||||||spa|d | ||
| 082 | 0 | 4 | |a 629.83 |b DIS |2 21 |
| 100 | 0 | |a Distefano, Joseph J |e author |9 298724 | |
| 700 | 0 | |a Stubberud, Allen R |e author |9 298725 | |
| 700 | 0 | |a Williams, Ivan Joe |e author |9 298726 | |
| 245 | 1 | 0 | |a Teoría y problemas de retroalimentación y sistemas de control |
| 300 | |a 372 p | ||
| 942 | |c BK | ||
| 945 | |d 19930810 00:00:00 | ||
| 260 | |a Ciudad de México |b McGraw-Hill |c 1981 | ||
| 650 | 7 | |a SISTEMAS DE CONTROL POR RETROALIMENTACION |2 CL-VaPUC |9 260651 | |
| 650 | 0 | |a Control automático |9 259890 | |
| 583 | |a last modification |c 19930810 00:00:00 |k Rodrigo Vera | ||
| 490 | 0 | |a Serie de compendios Schaum | |
| 999 | |c 211286 |d 211284 | ||
| 952 | |0 0 |1 0 |4 0 |6 629_830000000000000_DIS_1981 |7 0 |8 A |9 190079 |a BIBCUR |b BIBCUR |d 2019-11-14 |i 1772473 |o 629.83 DIS 1981 |p 1772473 |r 2025-04-22 |w 2019-11-14 |y BK |k BCB | ||
| 952 | |0 0 |1 0 |4 0 |6 629_830000000000000_DIS_1981 |7 0 |8 A |9 190080 |a BIBCUR |b BIBCUR |d 2019-11-14 |i 178093K |o 629.83 DIS 1981 |p 178093K |r 2025-04-22 |w 2019-11-14 |y BK |k BCB | ||